Statistiques concernant Equipe de France - Coupe du monde 2014

Cliquez ici pour prendre le quiz!

Statistiques générales

  • Ce quiz a été pris 161 fois
  • Le résultat moyen est 18 sur 24

Statistiques - réponses

PosteClub du momentNom du joueur% Correct
G1TottenhamHugo LLORIS
99%
ATT11Réal SociedadAntoine GRIEZMANN
95%
ATT10Réal MadridKarim BENZEMA
95%
D4Réal MadridRaphaël VARANE
94%
G16ASSEStéphane RUFFIER
93%
ATT9ArsenalOlivier GIROUD
92%
Coach//FranceDidier DESCHAMPS
91%
M14PSGBlaise MATUIDI
90%
M19JuventusPaul POGBA
90%
D3Man.UnitedPatrice EVRA
82%
ATT8OMMathieu VALBUENA
77%
M6PSGYohan CABAYE
77%
D21ArsenalLaurent KOSCIELNY
76%
D15ArsenalBacary SAGNA
70%
D5LiverpoolMamadou SAKHO
70%
G23SC BastiaMickael LANDREAU
65%
M7MontpellierRémy CABELLA
61%
D2NewcastleMathieu DEBUCHY
58%
M18NewcastleMoussa SISSOKO
55%
M12LOSCRio MAVUBA
51%
D13PortoEliaquim MANGALA
50%
M22SouthamptonMorgane SCHNEIDERLIN
48%
D17PSGLucas DIGNE
47%
ATT20NewcastleLoïc RÉMY
42%

Distribution des résultats

Percentile par nombre de réponses

% des personnes avec chaque résultat

Votre développement - résultats

Vous n’avez pas pris ce quiz